LEADER 00931nam0 2200289 450 001 9910593401303321 005 20220929100635.0 100 $a20220929d1963----km y0itay50 ba 101 0 $ager$alat 102 $aDE 105 $ay 001yy 200 1 $a[Chronica aevi Suevici]$fedidit Georg Heinrich Pertz 205 $aUnveränderter Nachdruck 210 $aStuttgart$cHiersemann$d1963 215 $aVIII, 1027 p., [3] carte di tav.$d33 cm 225 1 $aMonumenta Germaniae Historica$eScriptores (in Folio)$v23 300 $aTitolo derivato dal piano dell'opera 324 $aRiproduzione facsimile dell'edizione: Hannoverae, 1874 676 $a943.02$v23$zita 702 1$aPertz,$bGeorg Heinrich 801 0$aIT$bUNINA$gREICAT$2UNIMARC 901 $aBK 912 $a9910593401303321 952 $a943.02 M.G.H. SCRIPTORES 23$bS.I.$fFLFBC 959 $aFLFBC 996 $aChronica aevi Suevici$9224740 997 $aUNINA LEADER 01470nam0 22003371i 450 001 UON00224946 005 20231205103432.456 010 $a88-8229-134-0 100 $a20030730d1999 |0itac50 ba 101 $afre 102 $aIT 105 $a|||| ||||| 200 1 $aApollinaire et ses récits$fDaniel Delbreil$gpréface de Giovanni Dotoli et Sergio Zoppi 210 $aBari$cSchena ; Paris$cDidier Erudition$d1999 215 $a743 p.$d24 cm. 410 1$1001UON00173092$12001 $a Pubblicazioni della "Fondazione Ricciotto Canudo"$1210 $aFasano$cGrafischena.$v11 606 $aAPOLLINAIRE GUILLAUME$3UONC043161$2FI 620 $aIT$dFasano$3UONL001077 620 $aFR$dParis$3UONL002984 676 $a840.99$cLetteratura francese per o di specifiche categorie di persone$v21 700 1$aDELBREIL$bDaniel$3UONV133827$0685196 702 1$aDotoli$bGiovanni$3UONV047980 702 1$aZOPPI$bSergio$3UONV052588 712 $aDidier-Erudition$3UONV257506$4650 712 $aSchena$3UONV257080$4650 801 $aIT$bSOL$c20250523$gRICA 912 $aUON00224946 950 $aSIBA - SISTEMA BIBLIOTECARIO DI ATENEO$dSI VI B APO DEL $eSI LO 66945 5 950 $aSIBA - SISTEMA BIBLIOTECARIO DI ATENEO$dSI VI B APO DEL bis $eSI LO 67075 5 bis 996 $aApollinaire et ses récits$91267502 997 $aUNIOR